| 000 | 00467nam a22001817a 4500 | ||
|---|---|---|---|
| 005 | 20240325005419.0 | ||
| 008 | 240325b |||||||| |||| 00| 0 eng d | ||
| 020 | _a0415071364 | ||
| 082 |
_222 _a323.44. _bLIB. |
||
| 100 | _aGray, John . | ||
| 245 |
_aLiberalisms : _bEssays in political Philosophy / _cJohn Gray. |
||
| 250 | _a1st. | ||
| 260 |
_a London : _bRoutledge / _c1989. |
||
| 300 | _aix, 273 p., | ||
| 650 | _aLiberalism. | ||
| 650 | _aPolitical. | ||
| 942 | _cL | ||
| 999 |
_c605 _d605 |
||